Statistics for Anime Characters

Click here to take the quiz!

General Stats

  • This quiz has been taken 1,463 times
  • The average score is 5 of 15

Answer Stats

HintAnswer% Correct
Erza ScarletFairy Tail
82%
SanjiOne Piece
71%
YamatoNaruto
64%
Ikkaku MadarameBleach
42%
SabreFate Stay Night
37%
KleinSword Art Online
36%
ExcaliburSoul Eater
34%
YajirobeDragon Ball Z
31%
Kanade TachibanaAngel Beats
29%
Ling YaoFull Metal Alchemist Brotherhood
25%
Yusuke UrameshiYu Yu Hakusho
23%
Shiemi MoriyamaBlue Exorcist
19%
MugenSamurai Champloo
17%
ShiroDeadman Wonderland
15%
Yuki Nagatothe melancholy of haruhi suzumiya
9%

Score Distribution

Percentile by Number Answered

Percent of People with Each Score

Your Score History

You have not taken this quiz